000 00482nam a2200145 4500
999 _c10259
_d10259
008 180809b ||||| |||| 00| 0 eng d
022 _a2094-8042
082 _aDPer 370.105 M72 Jan-Dec 2011 v59-60
100 _930257
_ade la Cruz, John A.
245 _aHow to become environment friendly/
_cJohn A. de la Cruz.
260 _aPhilippines;
_bIn The Grade School, Inc.,
_cc2011.
300 _av60 n1, page 28;
_c27cm.
650 0 _930259
_aEnvironmental Protection
942 _2ddc
_cPER